Carpatho-Danubian Presidential Flags - Statistics

General Stats
  • This quiz has been taken 17 times
  • The average score is 9 of 10
Answer Stats
Picture Answer % Correct
Hungary
100%
Slovenia
100%
Croatia
93%
Czech Republic
93%
Poland
93%
Serbia
93%
Slovakia
93%
Ukraine
93%
Montenegro
87%
Moldova
80%
No matching quizzes found
Score Distribution
Percent of People with Each Score
Percentile by Number Answered
Your Score History
You have not taken this quiz